US funds set to storm Euro market (Record no. 67251)

MARC details
000 -LEADER
fixed length control field 01066cam a2200229 4500
001 - CONTROL NUMBER
control field WB3722-20
008 - FIXED-LENGTH DATA ELEMENTS--GENERAL INFORMATION
fixed length control field 000000n2001 000 0 eng u
035 ## - SYSTEM CONTROL NUMBER
System control number (Sirsi) u112966
245 ## - TITLE STATEMENT
Title US funds set to storm Euro market
260 ## - PUBLICATION, DISTRIBUTION, ETC.
Date of publication, distribution, etc. 2001
490 ## - SERIES STATEMENT
Series statement Estates Gazette
Volume/sequential designation (0122) 2 June 2001, 38(1)
520 ## - SUMMARY, ETC.
Summary, etc. A huge increase in US investment in European property looks likely after Barton Briggs an influential US economist advised American funds to quadruple their worldwide real estate holdings. This advice was behind the news that $19.2bn of 'opportunity' funds was targeting Europe. Some investors such as the managing director of Pelham Partner's opportunity fund are more cautious about the prospect of any investment increase. With table of Opportunity funds in Europe.
590 ## - LOCAL NOTE (RLIN)
Local note WB
650 ## - SUBJECT ADDED ENTRY--TOPICAL TERM
Topical term or geographic name entry element US INVESTORS
650 ## - SUBJECT ADDED ENTRY--TOPICAL TERM
Topical term or geographic name entry element EUROPEAN PROPERTY
650 ## - SUBJECT ADDED ENTRY--TOPICAL TERM
Topical term or geographic name entry element MORGAN STANLEY
650 ## - SUBJECT ADDED ENTRY--TOPICAL TERM
Topical term or geographic name entry element REAL ESTATE MARKET
650 ## - SUBJECT ADDED ENTRY--TOPICAL TERM
Topical term or geographic name entry element US PENSION FUNDS
650 ## - SUBJECT ADDED ENTRY--TOPICAL TERM
Topical term or geographic name entry element PROPERTY SECTOR
690 ## - LOCAL SUBJECT ADDED ENTRY--TOPICAL TERM (OCLC, RLIN)
Topical term or geographic name as entry element PROPERTY MANAGEMENT-CORPORATE REAL ESTATE
942 ## - ADDED ENTRY ELEMENTS (KOHA)
Suppress in OPAC 0
Holdings
Withdrawn status Lost status Source of classification or shelving scheme Damaged status Not for loan Home library Current library Shelving location Date acquired Total Checkouts Full call number Barcode Date last seen Copy number Price effective from Koha item type
    Dewey Decimal Classification     London London News article 06/06/2001   WB3722-20 112966-1001 06/08/2019 1 06/08/2019 News article